Normal view
MARC view
Entry Personal Name
001 - CONTROL NUMBER
- control field: 9450
003 - CONTROL NUMBER IDENTIFIER
- control field: ARRUPE
005 - DATE AND TIME OF LATEST TRANSACTION
- control field: 20140326162922.0
008 - FIXED-LENGTH DATA ELEMENTS
- fixed length control field: 140326|| aca||aabn | a|a d
040 ## - CATALOGING SOURCE
- Original cataloging agency: ARRUPE
- Transcribing agency: ARRUPE
100 ## - HEADING--PERSONAL NAME
- Personal name: Harold-Barry, David
670 ## - SOURCE DATA FOUND
- Source citation: Work cat.: (ARRUPE): Harold-Barry, David, A Splendid Contribution, 2014